| 000 | 00591nam a2200181Ia 4500 | ||
|---|---|---|---|
| 003 | GCL | ||
| 008 | 140319s9999 xx 000 0 ara d | ||
| 040 |
_aGCL / _cGCL |
||
| 082 | 0 | 4 |
_a382.9142 _bم م |
| 100 | 1 | _aماركس , جون | |
| 245 | 1 | 0 |
_aالمدخل الى السوق الاوربية الواحدة : دليل MEED العملى لاوربا الجديدة / _cماركس , جون |
| 300 | _a84 ص | ||
| 490 | _a | ||
| 650 | 0 | 4 | _aالاقتصاد |
| 650 | 0 | 4 | _aالسوق الاوربية المشتركة |
| 650 | 0 | 4 | _aالتكتلات الاقتصادية |
| 942 |
_2ddc _cBK |
||
| 999 |
_c48536 _d48536 |
||